000 00447nam a2200181Ia 4500
008 090124s9999 xx 000 0 und d
082 _b9390
_a1363
100 _aजोग रा.श्री.
245 _a मोहर
250 _a1
260 _c1957
300 _a40
600 _aजोग रा.श्री.
630 _a मोहर
700 _aजोग रा.श्री.
730 _a मोहर
942 _cBOOK
999 _c123439
_d123439